000 00712nam a2200205 i 4500
001 170878
003 ES-MaACL
005 20260601155231.0
008 090414s1939 fr |||| | fre d
080 _a821.133.1-2"19"
100 1 _aRolland, Romain,
_d1866-1944
_9239240
245 1 0 _aRobespierre
_b: drame en trois actes et vingt-quatre tableaux /
_cRomain Rolland.
260 _aParis :
_bAlbin Michel,
_c1939.
300 _a317 p. ;
_c19 cm.
490 1 _aThéâtre de la Révolution ;
_v7
600 0 4 _aRobespierre, Maximilien.
_997862
830 0 _aThéâtre de la Révolution ;
_v7
_9223092
852 4 _aES-MaACL
_jE-12560
_9R.140142
_z. - Biblioteca Jacinto Martínez Lacalle
999 _c170878
_d170878